Culture Générale - Série 2150 - Statistiques

Statistiques générales
  • Ce quiz a été pris 110 fois
  • Le résultat moyen est 5 sur 10
Statistiques - réponses
Question Réponse % Correct
Rectangle de toile ou de filet suspendu par deux extrémités, utilisé comme lit. hamac
96%
Quelle rivière arrose la ville de Grenoble ? Isère
75%
Comment appelle-t-on la médecine des personnes âgées ? gériatrie
74%
Sous quel matricule connait-on mieux, l'agent secret créé par Jean Bruce " Hubert Bonisseur de La Bath" ? OSS117
65%
Poème narratif de l'écrivain américain Edgar Allan Poe,dont le titre original est "The raven" (nom d'un oiseau) le corbeau
40%
Sauce au vin rouge cuisinée avec des lardons, des oignons, des échalotes, des champignons et diverses épices - rime avec "omelette" meurette
36%
Quel nom donne-t-on à l'encre de la seiche ? sépia
31%
Phase de jeu lors d'un match de rugby à XV où les joueurs d'une même équipe avancent groupés. maul
30%
Comment appelle-t-on le cri de l'âne, du mulet ? braiment
27%
De quelle frégate de la marine française Alphonse Daudet raconte-t-il "L'agonie" dans "Les lettres de mon moulin" ? voir photo de la pyramide commémorative Sémillante
13%
Aucun quiz correspondant
Distribution des résultats
% des personnes avec chaque résultat
Percentile par nombre de réponses
Votre historique - résultats
Vous n’avez pas pris ce quiz